Method that can fall short (Record no. 79504)
[ view plain ]
| 000 -LEADER | |
|---|---|
| fixed length control field | 01261cab a22002535a 4500 |
| 001 - CONTROL NUMBER | |
| control field | L141477 |
| 008 - FIXED-LENGTH DATA ELEMENTS--GENERAL INFORMATION | |
| fixed length control field | 071127e20071027xxk f 000 0 eng d |
| 035 ## - SYSTEM CONTROL NUMBER | |
| System control number | (Sirsi) u141477 |
| 041 0# - LANGUAGE CODE | |
| Language code of text/sound track or separate title | eng |
| 100 1# - MAIN ENTRY--PERSONAL NAME | |
| Personal name | Firn, Keith |
| 245 00 - TITLE STATEMENT | |
| Title | Method that can fall short |
| 260 ## - PUBLICATION, DISTRIBUTION, ETC. | |
| Date of publication, distribution, etc. | 2007 |
| 490 #0 - SERIES STATEMENT | |
| Series statement | Estates Gazette |
| Volume/sequential designation | (0743) 27 October 2007, 192-194(3) |
| 520 ## - SUMMARY, ETC. | |
| Summary, etc. | The final article in a three part series on dilapidations examines the diminution in value approach to claims and the effect of the Landlord and Tenant Act 1927 s18(1) on claims. Provides a definition of the value of the reversion, looks at influencing factors for a dilapidations valuer, and discusses the diminution valuation approach appended to "Shortland Investments Ltd v Cargill plc" ([1995] 08 EG 163). Highlights various weaknesses with the "Shortlands" approach, and questions whether a formal valuation is always required. |
| 590 ## - LOCAL NOTE (RLIN) | |
| Local note | KA |
| 650 24 - SUBJECT ADDED ENTRY--TOPICAL TERM | |
| Topical term or geographic name entry element | LANDLORD AND TENANT ACT 1927 S18(1) |
| 650 24 - SUBJECT ADDED ENTRY--TOPICAL TERM | |
| Topical term or geographic name entry element | SHORTLANDS INVESTMENTS LTD V CARGILL PLC |
| 650 24 - SUBJECT ADDED ENTRY--TOPICAL TERM | |
| Topical term or geographic name entry element | SIMMONS AND OTHERS V DRESDEN |
| 650 24 - SUBJECT ADDED ENTRY--TOPICAL TERM | |
| Topical term or geographic name entry element | RICS DILAPIDATIONS GUIDANCE NOTE |
| 651 #4 - SUBJECT ADDED ENTRY--GEOGRAPHIC NAME | |
| Geographic name | England and Wales |
| Chronological subdivision | 1543- |
| 690 ## - LOCAL SUBJECT ADDED ENTRY--TOPICAL TERM (OCLC, RLIN) | |
| Topical term or geographic name as entry element | PROPERTY-LANDLORD AND TENANT-DILAPIDATIONS |
| 700 1# - ADDED ENTRY--PERSONAL NAME | |
| Personal name | Stell, Patrick |
| 942 ## - ADDED ENTRY ELEMENTS (KOHA) | |
| Suppress in OPAC | 0 |
| Withdrawn status | Lost status | Source of classification or shelving scheme | Damaged status | Not for loan | Home library | Current library | Shelving location | Date acquired | Total Checkouts | Full call number | Barcode | Date last seen | Copy number | Price effective from | Koha item type |
|---|---|---|---|---|---|---|---|---|---|---|---|---|---|---|---|
| Dewey Decimal Classification | London | London | Journal article | 27/11/2007 | L141477 | 141477-1001 | 06/08/2019 | 1 | 06/08/2019 | Journal article |